LEADER 03663nam 2200589 450 001 9910479916003321 005 20170821170812.0 010 $a1-4704-0355-2 035 $a(CKB)3360000000464392 035 $a(EBL)3113471 035 $a(SSID)ssj0000973483 035 $a(PQKBManifestationID)11582530 035 $a(PQKBTitleCode)TC0000973483 035 $a(PQKBWorkID)10959880 035 $a(PQKB)11745366 035 $a(MiAaPQ)EBC3113471 035 $a(PPN)195410912 035 $a(EXLCZ)993360000000464392 100 $a20780628h19781978 uy| 0 101 0 $aeng 135 $aur|n|---||||| 181 $ctxt 182 $cc 183 $acr 200 10$aExceptional Lie algebras and the structure of hermitian symmetric spaces /$fDaniel Drucker 210 1$aProvidence, Rhode Island :$cAmerican Mathematical Society,$d[1978] 210 4$dİ1978 215 $a1 online resource (214 p.) 225 1 $aMemoirs of the American Mathematical Society ;$vvolume 16, issue 1, number 208 (September 1978) 300 $aCover title. 311 $a0-8218-2208-X 311 $a0-8218-3935-7 320 $aIncludes bibliographical references. 327 $a""TABLE OF CONTENTS""; ""INTRODUCTION""; ""SOME NOTATIONAL CONVENTIONS""; ""I. ALGEBRAIC PRELIMINARIES""; ""1. Algebras""; ""2. Alternative algebras""; ""3. Composition algebras""; ""4 . Jordan algebras""; ""5. The Tits construction""; ""II. e[sub(6)] AND e[sub(7)]""; ""1. Notational conventions""; ""2. Some derivation algebras""; ""3. The Lie multiplication in e[sub(6)]""; ""4. The Lie multiplication in e[sub(7)]""; ""III. GEOMETRIC PRELIMINARIES""; ""1. Adjoint representations""; ""2. Cartan decompositions""; ""3 . Hermitian symmetric spaces""; ""4. Duality""; ""5. Rank"" 327 $a""6 .Classification""""7. Roots and Cayley transforms""; ""8. Imbedding theorems""; ""9. Restricted roots""; ""10. Langlands' theorem""; ""11 . Orbits and holomorphic arc components""; ""12. Jordan structure""; ""IV. THE CLASSICAL DOMAINS""; ""1. The method""; ""2. Determination of the realizations""; ""3. Equivalence with the standard realizations""; ""V. THE 27a???DIMENSIONAL EXCEPTIONAL DOMAIN""; ""1. Determination of bounded realization by use of Tits' construction""; ""2. Comparison with the realizations of Koecher and Ise""; ""VI. THE 16a???DIMENSIONAL EXCEPTIONAL DOMAIN"" 327 $a""1. Determination of bounded realization by use of Tits' construction""""2. Comparison with the realizations of Koecher and Ise""; ""VII. ORBITS""; ""1 . The orbit pullbacks in general""; ""2. Determination of the orbit pullbacks""; ""VIII. HOLOMORPHIC ARC COMPONENTS""; ""1. The holomorphic arc component pullbacks in general""; ""2. Determination of the holomorphic arc component pullbacks: the classical cases""; ""3. Determination of the holomorphic arc component pullbacks: the exceptional cases""; ""APPENDIX A. CAYLEY ALGEBRAS""; ""APPENDIX B. DERIVATIONS OF [omitted]E"" 327 $a""APPENDIX C. DERIVATION ALGEBRAS IN TITS' CONSTRUCTION""""LIST OF NOTATIONS""; ""BIBLIOGRAPHY"" 410 0$aMemoirs of the American Mathematical Society ;$vnumber 208. 606 $aExceptional Lie algebras 606 $aHermitian symmetric spaces 608 $aElectronic books. 615 0$aExceptional Lie algebras. 615 0$aHermitian symmetric spaces. 676 $a512/.55 700 $aDrucker$b Daniel$f1946-$0992184 801 0$bMiAaPQ 801 1$bMiAaPQ 801 2$bMiAaPQ 906 $aBOOK 912 $a9910479916003321 996 $aExceptional Lie algebras and the structure of hermitian symmetric spaces$92271313 997 $aUNINA LEADER 04683nam 2200769 a 450 001 9910782182403321 005 20230912125241.0 010 $a1-282-86372-X 010 $a9786612863721 010 $a0-7735-7310-0 024 7 $a10.1515/9780773573109 035 $a(CKB)1000000000522755 035 $a(EBL)3331582 035 $a(SSID)ssj0000279700 035 $a(PQKBManifestationID)11217720 035 $a(PQKBTitleCode)TC0000279700 035 $a(PQKBWorkID)10268300 035 $a(PQKB)10281011 035 $a(CaPaEBR)407632 035 $a(CaBNvSL)slc00204664 035 $a(Au-PeEL)EBL3331582 035 $a(CaPaEBR)ebr10178231 035 $a(CaONFJC)MIL286372 035 $a(OCoLC)923231231 035 $a(DE-B1597)657441 035 $a(DE-B1597)9780773573109 035 $a(VaAlCD)20.500.12592/z6p4qm 035 $a(schport)gibson_crkn/2009-12-01/4/407632 035 $a(MiAaPQ)EBC3331582 035 $a(MiAaPQ)EBC3248703 035 $a(EXLCZ)991000000000522755 100 $a20061113d2005 uy 0 101 0 $aeng 135 $aur|n|---||||| 181 $ctxt 182 $cc 183 $acr 200 00$aFrom power sharing to democracy$b[electronic resource] $epost-conflict institutions in ethnically divided societies /$fedited by Sid Noel 210 $aMontre?al ;$aLondon ;$aIthaca [N.Y.] $cMcGill-Queen's University Press$dc2005 215 $a1 online resource (320 p.) 225 1 $aStudies in nationalism and ethnic conflict 300 $aDescription based upon print version of record. 311 $a0-7735-2947-0 320 $aIncludes bibliographical references (p. 288-296) and index. 327 $a""Contents""; ""Introduction""; ""1 Debating Consociational Politics: Normative and Explanatory Arguments""; ""2 Between Stability and Collapse: Internal and External Dynamics of Post-agreement Institution Building in Northern Ireland""; ""3 Significant Events in the Northern Ireland Peace Process: Impact and Implementation""; ""4 Power Sharing after Yugoslavia: Functionality and Dysfunctionality of Power-sharing Institutions in Post-war Bosnia, Macedonia, and Kosovo""; ""5 Post-conflict Reconstruction: Constitutional and Transitional Power-sharing Arrangements in Bosnia and Kosovo"" 327 $a""6 Power Sharing in a Police Car: The Intractable Difficulty of Police Reform in Kosovo and Macedonia""""7 Power Sharing and Rights Protection in the Prevention and Management of Ethnic Conflict: The Case of Post-apartheid South Africa""; ""8 Power Sharing in South Africa: The African National Congress as a Consociational Party?""; ""9 Anarchy and the Problems of Power Sharing in Africa""; ""10 Afghanistan: Multicultural Federalism as a Means to Achieve Democracy, Representation, and Stability"" 327 $a""11 Power Sharing for Cyprus (Again)? European Union Accession and the Prospects for Reunification""""12 Conditionality, Consociationalism, and the European Union""; ""13 Federation as a Method of Ethnic Conflict Regulation""; ""Contributors""; ""Index""; ""A""; ""B""; ""C""; ""D""; ""E""; ""F""; ""G""; ""H""; ""I""; ""K""; ""L""; ""M""; ""N""; ""O""; ""P""; ""R""; ""S""; ""T""; ""U""; ""V""; ""W""; ""Y""; ""Z"" 330 $aFrom Power Sharing to Democracy examines the theoretical underpinnings of power sharing as a means of achieving sustainable democratic governance. Contributors examine key areas, including Afghanistan, Cyprus, Kosovo, Macedonia, and South Africa, where power-sharing constitutions and political institutions have been employed or proposed. They provide an in-depth exploration of consociationalism, under which the previously warring ethnic communities are guaranteed a proportionate share of political offices and protection of their vital interests, and federalism, which provides for substantial territorial autonomy in cases where the communities are territorially segregated. 410 0$aStudies in nationalism and ethnic conflict. 606 $aEthnic conflict$xPolitical aspects 606 $aEthnic groups$xPolitical activity 606 $aPolitical stability 606 $aDemocratization 615 0$aEthnic conflict$xPolitical aspects. 615 0$aEthnic groups$xPolitical activity. 615 0$aPolitical stability. 615 0$aDemocratization. 676 $a320.089 700 $aNoel$b Sid, $4aut$4http://id.loc.gov/vocabulary/relators/aut$01521642 701 $aNoel$b S. J. R$g(Sidney John Roderick)$01521642 801 0$bMiAaPQ 801 1$bMiAaPQ 801 2$bMiAaPQ 906 $aBOOK 912 $a9910782182403321 996 $aFrom power sharing to democracy$93760968 997 $aUNINA